000 00371nam a2200145Ia 4500
008 240624s9999 xx 000 0 und d
041 _aeng
082 _a005.73 PAT
100 _aPATEL R B
245 _aEXPERT DATA STRUCTURES WITH C
250 _a(2nd ed.)
260 _c2004
_aDelhi
_bKhanna Book Publishing Co.
300 _axviii, : 909 : p. : cm. ; 25
365 _cRS
999 _c3022
_d3022